000 00649nam a22002537a 4500
003 OSt
005 20140310182911.0
008 130128t xxu||||| |||| 00| 0 eng d
020 _a9712344894
050 _aPL6141
_b.V618 2006
082 _aFIL 828
_2V65 2006
245 _aTreasures of Philippine regional literatures
_cViar, Orlando
260 _aManila
_bRex Book Store
_c 2006
300 _a185 p.
_c22 cm.
_b ill.
521 _acollege students
526 _c1210L-1700L
541 _j1
541 _j2
541 _j3
541 _j4
541 _j5
562 _e5
942 _2lcc
_cBK
_kFIL
999 _c17229
_d17229